Statistics for Top 15 Biggest UK Cities or Towns beginning with........D

Click here to take the quiz!

General Stats

  • This quiz has been taken 185 times
    (168 since last reset)
  • The average score is 6 of 15

Answer Stats

HintAnswer% Correct
4Doncaster
83%
3Dundee
83%
1Derby
80%
5Darlington
63%
9Dover
60%
2Dudley
46%
6Dartford
36%
8Dunfermline
34%
7Dewsbury
33%
10Dumfries
26%
11Dunstable
23%
14Didcot
20%
13Douglas
6%
12Darwen
4%
15Droylsdon
0%

Score Distribution

Percentile by Number Answered

Percent of People with Each Score

Your Score History

You have not taken this quiz since the last reset